| 000 | 00599nam a22001817a 4500 | ||
|---|---|---|---|
| 005 | 20221202122504.0 | ||
| 008 | 221202b ||||| |||| 00| 0 eng d | ||
| 040 | _cAL | ||
| 041 | _aHindi | ||
| 082 |
_223 _aH891.4 _bSINS |
||
| 100 |
_aRam siya Simha राम सिया सिंह _964582 |
||
| 245 | _aSafalta Ke Sutra सफलता के सूत्र | ||
| 260 |
_aMadhya Pradesh _bSamath Prakshan _c1981 |
||
| 300 |
_a144 p. _bPB _c21x14 cm. |
||
| 650 |
_aHindi Prose _964583 |
||
| 700 |
_aSIMHA (Ram Siya) सिंह ( राम सिया ) _964584 |
||
| 942 |
_2ddc _cGF |
||
| 999 |
_c225409 _d225409 |
||